000
00233nam a2200109Ia 4500
008
230320s9999||||xx |||||||||||||| ||spa||
082
_a
193/L14
100
_a
Lacroix, Jean
245
0
_a
Kant
260
_b
Sudamerica
942
_8
0
_c
LIB
999
_c
33005
_d
33005